MARC details
| 000 -CABECERA |
| campo de control de longitud fija |
01621cam a2200313Ii 4500 |
| 001 - NÚMERO DE CONTROL |
| campo de control |
a10967017 |
| 003 - IDENTIFICADOR DEL NÚMERO DE CONTROL |
| campo de control |
SIRSI |
| 005 - FECHA Y HORA DE LA ÚLTIMA TRANSACCIÓN |
| campo de control |
20250520105037.0 |
| 008 - DATOS DE LONGITUD FIJA--INFORMACIÓN GENERAL |
| campo de control de longitud fija |
130708t20132013caua b 000 0 eng d |
| 020 ## - NÚMERO INTERNACIONAL ESTÁNDAR DEL LIBRO |
| Número Internacional Estándar del Libro |
9780971015883 |
| 035 ## - NÚMERO DE CONTROL DEL SISTEMA |
| Número de control de sistema |
(OCoLC)852235724 |
| 040 ## - FUENTE DE LA CATALOGACIÓN |
| Centro catalogador/agencia de origen |
YDXCP |
| Normas de descripción |
rda |
| Centro/agencia transcriptor |
YDXCP |
| Centro/agencia modificador |
TJC |
| -- |
UtOrBLW |
| 041 ## - CÓDIGO DE LENGUA |
| Código de lengua del texto/banda sonora o título independiente |
eng |
| 050 ## - SIGNATURA TOPOGRÁFICA DE LA BIBLIOTECA DEL CONGRESO |
| Número de clasificación |
HD69.C6 |
| Número de documento/Ítem |
C675 2013 |
| 100 ## - ENTRADA PRINCIPAL--NOMBRE DE PERSONA |
| Nombre de persona |
Cosentino, Marc P. |
| 9 (RLIN) |
21348 |
| Término indicativo de función/relación |
author |
| 245 10 - MENCIÓN DE TÍTULO |
| Título |
Case in point |
| Resto del título |
: complete case interview preparation |
| Mención de responsabilidad, etc. |
/ Marc P. Cosentino. |
| 246 ## - FORMA VARIANTE DE TÍTULO |
| Título propio/Titulo breve |
Case in point8 |
| 250 ## - MENCIÓN DE EDICIÓN |
| Mención de edición |
Eighth edition. |
| 260 ## - PUBLICACIÓN, DISTRIBUCIÓN, ETC. |
| Lugar de publicación, distribución, etc. |
Santa Barbara, CA : |
| Nombre del editor, distribuidor, etc. |
Burgee Press, |
| Fecha de publicación, distribución, etc. |
2013. |
| 300 ## - DESCRIPCIÓN FÍSICA |
| Extensión |
x, 228 pages : |
| Otras características físicas |
illustrations ; |
| Dimensiones |
23 cm. |
| 500 ## - NOTA GENERAL |
| Nota general |
"MBA Analytica; casequestions.com." |
| 500 ## - NOTA GENERAL |
| Nota general |
"Featuring the new, streamlined Ivy Case System"--Cover. |
| 505 0# - NOTA DE CONTENIDO CON FORMATO |
| Nota de contenido con formato |
Introduction — The interview — Case questions — The Ivy case system — Additional tools and frameworks — Practice cases — Final analysis — Partner case charts. |
| 520 ## - SUMARIO, ETC. |
| Sumario, etc. |
The Wall Street Journal calls Case in Point the MBA Bible! Cosentino demystifies the consulting case interview. He takes you inside a typical interview by exploring the various types of case questions and he shares with you the acclaimed Ivy Case System which will give you the confidence to answer even the most sophisticated cases. The book includes 40 strategy cases, ten case starts exercises and 21 ways to cut costs, plus much, much more! |
| 650 #0 - PUNTO DE ACCESO ADICIONAL DE MATERIA--TÉRMINO DE MATERIA |
| Término de materia o nombre geográfico como elemento de entrada |
Business consultants |
| Subdivisión general |
Vocational guidance |
| 9 (RLIN) |
8560 |
| 650 #0 - PUNTO DE ACCESO ADICIONAL DE MATERIA--TÉRMINO DE MATERIA |
| Término de materia o nombre geográfico como elemento de entrada |
Consultants |
| Subdivisión general |
Vocational guidance |
| 9 (RLIN) |
25268 |
| 650 #0 - PUNTO DE ACCESO ADICIONAL DE MATERIA--TÉRMINO DE MATERIA |
| Término de materia o nombre geográfico como elemento de entrada |
Employment interviewing |
| 9 (RLIN) |
6365 |
| 942 ## - ELEMENTOS DE ENTRADA AGREGADA (KOHA) |
| Fuente del sistema de clasificación o colocación |
Clasificación de Library of Congress |